000 00951nam a22002417a 4500
005 20240530110916.0
008 220509s2007 ua g b 001 0 ara d
017 _a2007/20966
_bمصر. دار الكتب
020 _a977344122
040 _aEG-CaGPL
_cEG-CaGPL
082 0 4 _221
_a257.5/
_bش أ
100 1 _aالشافعى، ابى الحسن محمد بن يحيى
245 1 2 _aادب الشهود /
_cابى الحسن محمد بن يحيى الشافعى ؛ تحقيق محمد الدين السرحان
260 _aالقاهرة :
_bدار الافاق العربية،
_c2007.
300 _a294 ص. ؛
_c24 سم.
504 _aيشتمل على ارجاعات ببليوجرافية
650 0 7 _2qrmak
_aشهادة الشهود
650 0 7 _2qrmak
_aاستجواب الشهود
651 _2qrmak
700 0 _aمحمد الدين السرحان
_eمحقق
942 _2ddc
_cBK
999 _c66389
_d66389